Pays par élimination - Statistiques

Statistiques générales
  • Ce quiz a été pris 517 fois
  • Le résultat moyen est 54 sur 80
Statistiques - réponses
Question Tuile Select % Correct
Pays n'ayant pas accès à la mer... Turquie Non
97%
Pays n'ayant pas accès à la mer... Sri Lanka Non
96%
Pays n'ayant pas accès à la mer... Equateur Non
94%
Pays n'ayant pas accès à la mer... Cambodge Non
91%
Pays n'ayant pas accès à la mer... Namibie Non
91%
Pays n'ayant pas accès à la mer... Lettonie Non
86%
...Etant en Asie... Bosnie-Herzégovine Non
84%
...Etant en Asie... Equateur Non
84%
...Etant en Asie... Paraguay Non
84%
...Etant en Asie... Rwanda Non
84%
...Etant en Asie... Slovaquie Non
84%
...Ayant une frontière avec la Chine... Bosnie-Herzégovine Non
83%
...Etant en Asie... Burkina Faso Non
83%
...Ayant une frontière avec la Chine... Equateur Non
83%
...Etant en Asie... Lettonie Non
83%
...Etant en Asie... Namibie Non
83%
...Ayant une frontière avec la Chine... Namibie Non
83%
...Ayant une frontière avec la Chine... Paraguay Non
83%
...Ayant une frontière avec la Chine... Rwanda Non
83%
...Ayant une frontière avec la Chine... Slovaquie Non
83%
...Ayant une frontière avec la Chine... Turquie Non
83%
...Ayant une frontière avec la Chine... Arménie Non
82%
...Ayant une frontière avec la Chine... Burkina Faso Non
82%
...Ayant une frontière avec la Chine... Lettonie Non
82%
Pays n'ayant pas accès à la mer... Mongolie Oui
82%
...Ayant une frontière avec la Chine... Sri Lanka Non
80%
et ayant été une colonie française. Paraguay Non
79%
et ayant été une colonie française. Slovaquie Non
79%
et ayant été une colonie française. Bosnie-Herzégovine Non
78%
et ayant été une colonie française. Equateur Non
78%
et ayant été une colonie française. Lettonie Non
78%
et ayant été une colonie française. Ouzbékistan Non
77%
...Ayant une frontière avec la Chine... Mongolie Oui
76%
et ayant été une colonie française. Sri Lanka Non
76%
et ayant été une colonie française. Bhoutan Non
75%
et ayant été une colonie française. Mongolie Non
75%
et ayant été une colonie française. Arménie Non
74%
...Ayant une capitale d'au moins 8 lettres... Lettonie Non
74%
...Etant en Asie... Mongolie Oui
74%
Pays n'ayant pas accès à la mer... Rwanda Oui
74%
Pays n'ayant pas accès à la mer... Slovaquie Oui
74%
et ayant été une colonie française. Turquie Non
74%
...Ayant une capitale d'au moins 8 lettres... Equateur Non
72%
et ayant été une colonie française. Namibie Non
72%
...Ayant une capitale d'au moins 8 lettres... Arménie Non
71%
Pays n'ayant pas accès à la mer... Bosnie-Herzégovine Non
70%
...Ayant une frontière avec la Chine... Cambodge Non
68%
...Ayant une capitale d'au moins 8 lettres... Rwanda Non
68%
...Ayant une capitale d'au moins 8 lettres... Turquie Non
68%
Pays n'ayant pas accès à la mer... Burkina Faso Oui
66%
...Etant en Asie... Ouzbékistan Oui
66%
Pays n'ayant pas accès à la mer... Bhoutan Oui
65%
...Etant en Asie... Laos Oui
65%
Pays n'ayant pas accès à la mer... Paraguay Oui
65%
...Ayant une frontière avec la Chine... Ouzbékistan Non
63%
...Etant en Asie... Bhoutan Oui
60%
Pays n'ayant pas accès à la mer... Ouzbékistan Oui
59%
...Ayant une capitale d'au moins 8 lettres... Namibie Non
58%
...Ayant une capitale d'au moins 8 lettres... Cambodge Non
53%
et ayant été une colonie française. Cambodge Non
52%
et ayant été une colonie française. Rwanda Non
52%
...Ayant une capitale d'au moins 8 lettres... Mongolie Oui
51%
...Ayant une frontière avec la Chine... Bhoutan Oui
47%
Pays n'ayant pas accès à la mer... Arménie Oui
46%
et ayant été une colonie française. Burkina Faso Non
45%
...Ayant une capitale d'au moins 8 lettres... Slovaquie Oui
45%
...Ayant une capitale d'au moins 8 lettres... Bosnie-Herzégovine Non
44%
...Ayant une capitale d'au moins 8 lettres... Burkina Faso Oui
44%
Pays n'ayant pas accès à la mer... Laos Oui
44%
...Ayant une capitale d'au moins 8 lettres... Sri Lanka Non
44%
...Ayant une frontière avec la Chine... Laos Oui
42%
...Etant en Asie... Arménie Non
41%
...Ayant une capitale d'au moins 8 lettres... Ouzbékistan Oui
37%
...Ayant une capitale d'au moins 8 lettres... Paraguay Oui
36%
...Etant en Asie... Turquie Non
35%
et ayant été une colonie française. Laos Oui
32%
...Ayant une capitale d'au moins 8 lettres... Laos Oui
31%
...Etant en Asie... Cambodge Non
27%
...Etant en Asie... Sri Lanka Non
27%
...Ayant une capitale d'au moins 8 lettres... Bhoutan Oui
25%
Aucun quiz correspondant
Distribution des résultats
% des personnes avec chaque résultat
Percentile par nombre de réponses
Votre historique - résultats
Vous n’avez pas pris ce quiz